000 00526nam a2200181Ia 4500
008 100917s9999 xx 000 0 und d
082 _b60401
100 _aउदगांवकर प्रज्ञा
245 _aचक्रव्युह
260 _bप्रमोद प्रकाशन
_c1983
300 _a146
365 _b26
520 _aकादंबरी
630 _aचक्रव्युह
650 _aकादंबरी
730 _aचक्रव्युह
942 _cBOOK
999 _c665795
_d665792